Counties of New England by Population - Statistics

General Stats
  • This quiz has been taken 43 times
  • The average score is 37 of 67
Answer Stats
Population State County Major City % Correct
865,000 CT New Haven ----------------
91%
899,000 CT Hartford ----------------
86%
1,632,000 MA Middlesex Lowell
86%
661,000 RI Providence ----------------
86%
862,000 MA Worcester ----------------
86%
957,000 CT Fairfield Bridgeport
82%
466,000 MA Hampden Springfield
77%
423,000 NH Hillsborough Manchester
77%
798,000 MA Suffolk Boston
73%
212,000 ME York Kennebunk
73%
129,000 MA Berkshire Pittsfield
68%
303,000 ME Cumberland Portland
68%
185,000 CT Litchfield Torrington
68%
269,000 CT New London ----------------
68%
87,000 RI Newport --------------------
68%
726,000 MA Norfolk Quincy
68%
531,000 MA Plymouth ----------------
68%
314,000 NH Rockingham Portsmouth
68%
150,000 CT Tolland Vernon
68%
130,000 RI Washington South Kingstown
68%
229,000 MA Barnstable Provincetown
64%
168,000 VT Chittenden Burlington
64%
810,000 MA Essex Gloucester
64%
162,000 MA Hampshire Northampton
64%
579,000 MA Bristol Fall River
59%
170,000 RI Kent Warwick
59%
164,000 CT Middlesex Middletown
59%
116,000 CT Windham --------------------
59%
31,300 NH Coos Berlin
55%
71,000 MA Franklin Greenfield
55%
124,000 ME Kennebec Augusta
55%
154,000 NH Merrimack Concord
55%
57,770 ME Oxford Rumford
55%
152,000 ME Penobscot Bangor
55%
61,000 VT Rutland --------------------
55%
111,000 ME Androscoggin Lewiston
50%
67,000 ME Aroostook Houlton
50%
51,000 RI Bristol --------------------
50%
76,000 NH Cheshire Keene
50%
21,000 MA Dukes Oaks Bluffs
50%
6,000 VT Essex Brighton
50%
91,000 NH Grafton Lebanon
50%
14,000 MA Nantucket --------------------
50%
131,000 NH Strafford Dover
50%
64,000 NH Belknap Laconia
45%
50,100 NH Carroll Conway
45%
7,000 VT Grand Isle --------------------
45%
50,500 ME Somerset Skowhegan
45%
60,000 VT Washington Barre
45%
57,750 VT Windsor Springfield
45%
37,400 VT Addison Middlebury
41%
55,000 ME Hancock Bar Harbor
41%
17,000 ME Piscataquis Dover-Foxcroft
41%
40,000 ME Waldo Belfast
41%
31,100 ME Washington Calais
41%
30,000 VT Caledonia St. Johnsbury
36%
49,900 VT Franklin St. Albans
36%
41,000 ME Knox Camden
36%
26,000 VT Lamoille Stowe
36%
29,300 VT Orange Randolph
36%
27,000 VT Orleans Newport
36%
43,000 NH Sullivan Claremont
36%
46,000 VT Windham Brattleboro
36%
37,300 VT Bennington --------------------
32%
36,700 ME Sagadahoc Bath
32%
29,400 ME Franklin Rangeley
27%
35,000 ME Lincoln Boothbay
27%
No matching quizzes found
Score Distribution
Percent of People with Each Score
Percentile by Number Answered
Your Score History
You have not taken this quiz